| 000 | 00704cam a2200193 4500 | ||
|---|---|---|---|
| 001 | WB3739-06 | ||
| 008 | 011018n2001 000 0 eng u | ||
| 035 | _a(Sirsi) u115190 | ||
| 245 | _aConcrete firms register | ||
| 260 | _c2001 | ||
| 490 |
_aConstruction News _v(6738) 18 October 2001, 5(1) |
||
| 520 | _aConcrete structure group, Construct, has set up a register of reputable concrete frame contractors in an attempt to rid the industry of rogue companies. The scheme, Specc, will cost £3,000 for companies to join. | ||
| 590 | _aWB | ||
| 650 | _aCONCRETE FRAME CONSTRUCTION | ||
| 650 | _aREGISTERS | ||
| 650 | _aCONTRACTORS | ||
| 690 | _aBUILT ENVIRONMENT-BUILDING STANDARDS | ||
| 942 | _n0 | ||
| 999 |
_c68610 _d68610 |
||